| 000 | 004700000a22001810004500 | ||
|---|---|---|---|
| 003 | LK-CoMWRAF | ||
| 005 | 20230915185608.0 | ||
| 008 | 230817t1972 ||||| |||| 00| 0 eng d | ||
| 040 |
_aLK-CoMWRAF _dLK-CoMWRAF _eLK-CoMWRAF |
||
| 041 | _aeng | ||
| 082 |
_a297.24 _bMUF |
||
| 100 | _aMufassir, Sulaiman | ||
| 245 | _aJesus in the Qur'an | ||
| 260 |
_aU.S.A. & Canada : _bThe Muslim student's association, _c1972 |
||
| 300 | _a15p | ||
| 650 | _aJesus-Quran | ||
| 942 | _cBK | ||
| 999 |
_c1810 _d1810 |
||